| 000 | 00487nam a2200169Ia 4500 | ||
|---|---|---|---|
| 008 | 220216s9999 xx 000 0 und d | ||
| 100 | _aLiou P C | ||
| 245 | 0 | _aCharacterization of the Citrus genome through analysis of restriction fragment length polymorphisms | |
| 260 |
_bTheoretical and Applied Genetics _c1996 |
||
| 300 | _a425-435 | ||
| 650 | _aFruit breeding | ||
| 650 | _aMolecular markers | ||
| 650 | _aRFLP | ||
| 700 | _aGmitter F G | ||
| 700 | _aMoore G A | ||
| 942 | _cJS | ||
| 999 |
_c55448 _d55448 |
||